Štát a bytová politika vo vyspelých krajinách

Pohľad na otázky bytovej politiky vo vyspelých krajinách. Ciele, ktoré si po vojne určil bytový sektor v Dánsku. Plánovanie bytovej výstavby vo všetkých krajinách okrem Rakúska a Švajčiarska. Dosahovanie rovnováhy medzi ponukou a dopytom na trhu s bytmi. Realizácia štátnych subvencií v oblasti bytov...

Descrizione completa

Salvato in:
Dettagli Bibliografici
Natura: Capitolo di libro
Lingua:slovacco
Soggetti:
Tags: Aggiungi Tag
Nessun Tag, puoi essere il primo ad aggiungerne!!

MARC

LEADER 00000naa a2200000 4500
001 r019443
005 20221213101425.6
041 0 |a slo 
044 |a SK 
245 1 0 |a Štát a bytová politika vo vyspelých krajinách 
520 |a Pohľad na otázky bytovej politiky vo vyspelých krajinách. Ciele, ktoré si po vojne určil bytový sektor v Dánsku. Plánovanie bytovej výstavby vo všetkých krajinách okrem Rakúska a Švajčiarska. Dosahovanie rovnováhy medzi ponukou a dopytom na trhu s bytmi. Realizácia štátnych subvencií v oblasti bytov v Európe. Rozličné formy vlastníctva. Definovanie štandardu bývania. 
610 2 0 |a politika bytová 
610 2 0 |a krajiny vyspelé 
610 2 0 |a trh bytový 
610 2 0 |a ponuka 
610 2 0 |a dopyt 
610 2 0 |a bývanie 
610 2 0 |a subvencie 
610 2 0 |a štát